000 00534nam a2200181Ia 4500
005 20250508154114.0
008 008 250505s9999 xx 000 0 eng d
037 _aTextual
040 _aFEDL
_beng
_cFEDL
041 _aeng
_2eng
084 _a303, WHI
_qFEDL
100 _aWhite Carl M
245 0 _aSources of information in the social sciences: A guide to the literature
260 _aNew Jeresy, USA
_bThe Bedminster Press
_c1964
300 _axiii,498p
942 _cTEXL
_h303, WHI
999 _c1347666
_d1347666